00608nam a22001812 4500001001100000005001700011008004100028040001500069100003000084245011600114250001300230260003100243300001500274600005000289650004400339651004000383852000300423000001178020151217155847.0090108s xx 000 0 eng d aKABUcKABU1 aOldham, J. H.@000016778710aWhite and black in Africa :ba critical examination of the Rhodes lectures of General Smuts /cby J. H. Oldham. a1st ed. aLondon :bLongmans,c1930. avi, 74 p.10aSmuts, Jan Christian,d1870-1950.@0000167788 0aIndigenous peopleszAfrica.@0000167789 0aAfricaxRace relations.@00001677901